000
00404nam a2200133Ia 4500
008
151001s9999||||xx |||||||||||||| ||und||
100
_a
सहदेव चौगुले शिंदे
245
_a
सोनेरी शब्दशिल्पे
250
_a
1
260
_b
"परी प्रकाशन,कोल्हापूर "
260
_c
2013
300
_a
208
365
_b
21
999
_c
1000313
_d
1000310